Statistics for Capitals Of Asia (Very Hard)

Click here to take the quiz!

General Stats

  • This quiz has been taken 26 times
    (5 since last reset)
  • The average score is 33 of 72

Answer Stats

CountryCapital% Correct
United Arab EmiratesAbu Dhabi
75%
TurkeyAnkara
75%
TurkmenistanAshgabat
75%
KazakhstanAstana
75%
AzerbaijanBaku
75%
ThailandBangkok
75%
AfghanistanKabul
75%
MalaysiaKuala Lumpur
75%
BahrainManama
75%
RussiaMoscow
75%
IndiaNew Delhi
75%
North KoreaPyongyang
75%
PalestineRamallah
75%
Saudi ArabiaRiyadh
75%
South KoreaSeoul
75%
SingaporeSingapore
75%
GeorgiaTbilisi
75%
JapanTokyo
75%
LaosVientiane
75%
ArmeniaYerevan
75%
JordanAmman
50%
IraqBaghdad
50%
ChinaBeijing
50%
LebanonBeirut
50%
EgyptCairo
50%
SyriaDamascus
50%
BangladeshDhaka
50%
Timor-LesteDili
50%
TajikistanDushanbe
50%
KurdistanErbil / Kirkuk
50%
VietnamHanoi
50%
Hong KongHong Kong
50%
PakistanIslamabad
50%
IndonesiaJakarta
50%
IsraelJerusalem
50%
NepalKathmandu
50%
KuwaitKuwait City
50%
Tibet Autonomous RegionLhasa
50%
MacaoMacao
50%
MaldivesMalé
50%
PhilippinesManila
50%
OmanMuscat
50%
CyprusNicosia
50%
Northern CyprusNorth Nicosia
50%
CambodiaPhnom Penh
50%
YemenSanaa
50%
Sri LankaSri Jayawardenepura Kotte
50%
TaiwanTaipei
50%
UzbekistanTashkent
50%
IranTehran
50%
BhutanThimphu
50%
MongoliaUlaanbaatar
50%
XinjiangÜrümqi / Dihua
50%
BruneiBandar Seri Begawan
25%
KyrgyzstanBishkek
25%
QatarDoha
25%
MyanmarNaypyidaw
25%
HokkaidoSapporo
25%
South OssetiaTskhinvali
25%
Sakha (Yakutia)Yakutsk
25%
KhakassiaAbakan
0%
AdjaraBatumi
0%
British Indian Ocean TerritoryDiego Garcia
0%
Christmas IslandFlying Fish Cove
0%
Altai RepublicGorno-Altaysk
0%
Gorno-BadakhshanKhorog
0%
TuvaKyzyl
0%
OkinawaNaha
0%
KarakalpakstanNukus
0%
AbkhaziaSukhumi
0%
BuryatiaUlan-Ude
0%
Cocos (Keeling) IslandsWest Island
0%

Score Distribution

Percentile by Number Answered

Percent of People with Each Score

Your Score History

You have not taken this quiz since the last reset